000 00807nas a2200241 4500
001 BR8600260
003 BR-BrBNA
005 20231205090315.0
007 ta
008 230509b bl.|||p| |||| 00| 00por d
040 _aBR-BrBNA
_bpor
_cBiblioteca Nacional de Agricultura
041 _a(Pt)
072 _aF63
100 1 _aBaldini, A.L.C.G.
100 1 _aSilva, N. da
245 1 _aConsequencias de uma geracao de endogamia em couve-flor cv. Piracicaba precoce n. 1
246 1 _aEffects of the generation of inbreeding in cauliflower cv. Piracicaba precoce n. 1
650 _aCOUVE-FLOR
650 _aFECUNDACAO VEGETAL
773 0 _tHorticultura Brasileira (Brazil)
_xISSN 0102-0536
_g(May 1985), v. 3(1) p. 24-26
_wBR8600260
909 _a202311
_bLúcia
_c55
_dLúcia Elande
942 _2AGRIS
_n0
_cANA
999 _c117514
_d117514